| 000 | 00505nam a22001817a 4500 | ||
|---|---|---|---|
| 999 |
_c490315 _d490315 |
||
| 003 | NUST | ||
| 005 | 20200113141951.0 | ||
| 008 | 200113b ||||| |||| 00| 0 eng d | ||
| 038 | _aMSOHAIL | ||
| 082 | _a001.4 | ||
| 100 |
_aDr. Y.K.Singh _927517 |
||
| 245 | _aResearch Methodology - Vol - 01 - 02 | ||
| 250 | _av-1-2 | ||
| 260 |
_aNew Delhi _bAPH Publishers _c2010 |
||
| 300 |
_a352,p. p346 _bill.; |
||
| 650 |
_aResearch methodology _aReport Writing _aInformation Retrieval _927518 |
||
| 942 |
_cBK _2ddc |
||